000 01104nam a2200301 a 4500
001 68559
003 BD-RjUL
005 20211209081803.0
008 170403s1980 cou b 001 0 eng d
020 _a0891587853
035 _a(BD-RjUL)68769
040 _aDLC
_cDLC
_dDLC
_dOCoLC
_dBD-RjUL
_beng
041 _aeng
082 0 0 _223
_a304.6
_bDEM 1980
245 0 0 _aDemographic behavior :
_bInterdisciplinary perspectives on decision-making /
_cedited by Thomas K. Burch
260 _aColorado :
_bWestview Press,
_cc1980.
300 _axiii, 242 p. :
_bill. ;
_c24 cm.
490 1 _aAAAS selected symposium,
_v45
500 _aBased on a symposium presented at the AAAS national annual meeting in Houston, Tex., Jan. 3-8, 1979, and sponsored by the Population Association of America, and others.
504 _aIncludes bibliographies and indexes.
650 0 _aPopulation
_9203195
650 0 _aDemography.
_9203196
650 0 _aFertility, Human.
_9155613
700 1 _aBurch, Thomas K.
_9203197
830 0 _aAAAS selected symposium,
_v45.
_9202456
942 _2ddc
_cBK
999 _c68559
_d68559